000 02904cam a2200553 i 4500
001 25964150
003 OCoLC
005 20170614165244.0
008 920427t19931993orua j 000 0 eng
010 _a92016620
020 _a0898025923
020 _a9780898025927
020 _a089802630X (pbk.)
020 _a9780898026306 (pbk.)
035 _a(OCoLC)25964150
040 _aDLC
_beng
_erda
_cDLC
_dJQL
_dOCL
_dBAKER
_dBTCTA
_dYDXCP
_dOCLCG
_dBDX
_dOCLCO
_dCOV
041 0 _aeng
_aspa
042 _alcac
043 _ancbh---
050 0 0 _aQL687.B45
_bH37 1993
082 0 0 _a598/.43
_220
092 0 _a598 H262fi 1993
100 1 _aHarvey, Diane Kelsay,
_d1946-
245 1 0 _aPescando con Pedro =
_bFishing with Peter/
_ctext and photography by Diane Kelsay Harvey and Bob Harvey.
246 3 1 _aFishing with Peter.
260 _aWilsonville, Or. :
_bBeautiful America Pub. Co.,
_cc1993.
264 1 _aWilsonville, Or. :
_bBeautiful America Pub. Co.,
_c[1993]
264 4 _cc1993.
300 _a1 volume (unpaged) :
_bcolor illustrations ;
_c19 x 24 cm.
336 _atext
_btxt
_2rdacontent.
337 _aunmediated
_bn
_2rdamedia.
338 _avolume
_bnc
_2rdacarrier.
490 1 _aRivendell nature series.
500 _aText in English and Spanish.
500 _a"A Little America book."
520 _aText in English and Spanish discusses the way of life of brown pelicans and other fishing birds in the unique salt water environment along the coast of Belize, a habitat which is now threatened.
650 0 _aWater birds
_0(uri)http://id.loc.gov/authorities/subjects/sh85145533
_zBelize
_0(uri)http://id.loc.gov/authorities/names/n79126944
_vJuvenile literature.
_0(uri)http://id.loc.gov/authorities/subjects/sh99001674.
650 0 _aSea birds
_0(uri)http://id.loc.gov/authorities/subjects/sh85119208
_zBelize
_0(uri)http://id.loc.gov/authorities/names/n79126944
_vJuvenile literature.
_0(uri)http://id.loc.gov/authorities/subjects/sh99001674.
650 1 _aBrown pelican.
_0(uri)http://id.loc.gov/authorities/subjects/sh85017254.
650 1 _aPelicans.
_0(uri)http://id.loc.gov/authorities/subjects/sh85099263.
650 1 _aWater birds
_0(uri)http://id.loc.gov/authorities/subjects/sh85145533
_zBelize.
_0(uri)http://id.loc.gov/authorities/names/n79126944.
650 1 _aBirds
_0(uri)http://id.loc.gov/authorities/childrensSubjects/sj96004914
_zBelize.
_0(uri)http://id.loc.gov/authorities/childrensSubjects/n79126944.
650 1 _aWildlife conservation
_0(uri)http://id.loc.gov/authorities/subjects/sh85146731
_zBelize.
_0(uri)http://id.loc.gov/authorities/names/n79126944.
650 1 _aSpanish language materials
_xBilingual.
_0(uri)http://id.loc.gov/authorities/childrensSubjects/sj96006152.
700 1 _aHarvey, Bob,
_d1952-
740 0 _aPescando con Pedro.
830 0 _aRivendell nature series.
_0(uri)http://id.loc.gov/authorities/names/n91011608.
942 _2ddc
_cBK
999 _c17588
_d17588